01423cam a22003734i 4500003000900000005001700009008004100026035001900067040003300086082001700119100003000136245006900166264002800235300003900263336002100302337002500323338002300348490005800371504002800429505045000457526001000907526001000917526001000927526001000937526000800947526000800955526000800963526000800971526000800979526000800987526000800995541001501003650003101018PE-LiUPU20250731172721.0150617s1962 sp rb 000 0 spa d a(Sirsi) a11068 aPE-LiUPUbspacPE-LiUPUerda04a230bS292211 aSchmaus, Michael,eautor.10aTeología dogmatica :bla Gracia Divina.n5 /cMichael Schmaus. 1aMadrid :bRialp,c1962. a279 páginas ;c22 centímetros. atext2rdacontent aunmediated2rdamedia avolume2rdacarrier0 aManuales de la biblioteca del pensamiento actual ;v5 aIncluye bibliografía.0 aSentido y esencia de la participación del hombre en el reino de Dios instaurado por Cristo -- Nacimiento del estado de cristiano en virtud de la gracia actual: Esencia e importancia de la gracia actual, la acción humana por la gracia actual como preparación para la justificación, causalidad de la gracia (gracia y libertad), voluntad salvífica universal de Dios -- Fecundidad de la comunión con Dios del hombre que está en gracia. aSEG42 aSEG41 aSEG40 aSEG39 aP94 aP87 aP86 aP85 aP77 aP76 aP35 Teología;04aGracia divinaxTeología.